[Event "VL 2017/18"]
[Site "Mecklenburg-Vorpommern"]
[Date "2017.10.08"]
[Round "1.4"]
[White "Ivanov, Sergey"]
[Black "Boecking, Uwe"]
[Result "0-1"]
[WhiteElo "1833"]
[BlackElo "1719"]
[PlyCount "64"]
[EventDate "2017.??.??"]
[EventType "team-tourn"]
[EventRounds "9"]
[SourceDate "2017.10.08"]
[WhiteTeam "HSG Uni Rostock"]
[BlackTeam "SFO Warnemuende"]

1. c4 Nf6 2. Nc3 e6 3. e4 d5 4. e5 d4 5. exf6 dxc3 6. bxc3 Qxf6 7. Nf3 h6 8.
Be2 Bd6 9. O-O O-O 10. d4 c6 11. a4 Nd7 12. Ba3 Bxa3 13. Rxa3 e5 14. Rb3 e4 15.
Ne1 Qe7 16. Nc2 f5 17. f4 Nf6 18. d5 Qc5+ 19. Kh1 Rd8 20. Qd2 a6 21. Rd1 cxd5
22. Ne3 Be6 23. Qd4 Qxd4 24. Rxd4 dxc4 25. Rxb7 Rxd4 26. cxd4 Rd8 27. Rb6 Kf7
28. Nxc4 Nd5 29. Ne5+ Kf6 30. Rxa6 Nxf4 31. Bc4 Rxd4 32. g3 Rd1+ 0-1

[Event "VL 2017/18"]
[Site "Mecklenburg-Vorpommern"]
[Date "2017.10.08"]
[Round "1.5"]
[White "Herholz, Holger"]
[Black "Schwetlick, Thomas"]
[Result "1/2-1/2"]
[WhiteElo "1766"]
[BlackElo "1815"]
[PlyCount "27"]
[EventDate "2017.??.??"]
[EventType "team-tourn"]
[EventRounds "9"]
[SourceDate "2017.10.08"]
[WhiteTeam "SFO Warnemuende"]
[BlackTeam "HSG Uni Rostock"]

1. d4 Nf6 2. c4 g6 3. Nc3 Bg7 4. e3 O-O 5. Nf3 c5 6. d5 d6 7. Be2 a6 8. O-O b5
9. cxb5 axb5 10. Bxb5 Qb6 11. a4 Na6 12. Re1 Nc7 13. Bc6 Ra6 14. e4 1/2-1/2

[Event "VL 2017/18"]
[Site "Mecklenburg-Vorpommern"]
[Date "2017.10.08"]
[Round "1.6"]
[White "Schroeder, Christian"]
[Black "Staben, Norbert"]
[Result "1-0"]
[WhiteElo "1741"]
[BlackElo "1706"]
[PlyCount "119"]
[EventDate "2017.??.??"]
[EventType "team-tourn"]
[EventRounds "9"]
[SourceDate "2017.10.08"]
[WhiteTeam "HSG Uni Rostock"]
[BlackTeam "SFO Warnemuende"]

1. c4 Nf6 2. d4 d6 3. g3 g6 4. Bg2 Bg7 5. Nc3 O-O 6. Nf3 Bg4 7. O-O Qc8 8. Re1
Bh3 9. Nd5 Nxd5 10. cxd5 Bxg2 11. Kxg2 c6 12. e4 e6 13. Bf4 Qd7 14. Qb3 h6 15.
h4 Re8 16. Rad1 exd5 17. exd5 Rxe1 18. Rxe1 Na6 19. dxc6 bxc6 20. Qa3 Nc7 21.
Qxd6 Qxd6 22. Bxd6 Ne6 23. Be5 Rd8 24. Rc1 Nxd4 25. Bxd4 Bxd4 26. Nxd4 Rxd4 27.
Rxc6 Rd2 28. Rc8+ Kg7 29. Rb8 a5 30. Kf3 a4 31. a3 Rd6 32. Rb4 Ra6 33. Ke4 f5+
34. Ke5 Ra5+ 35. Kf4 Kf6 36. Rb6+ Kg7 37. Ke3 Ra8 38. Rb4 Kf6 39. Kd3 g5 40.
Rb6+ Kg7 41. hxg5 hxg5 42. Kd4 Ra5 43. f4 gxf4 44. gxf4 Kf7 45. Kc4 Ra8 46. Kb4
Ra7 47. Kc5 Ke7 48. b4 axb3 49. Rxb3 Ra4 50. Rf3 Ke6 51. Kb5 Re4 52. a4 Kd5 53.
a5 Re1 54. Rd3+ Ke4 55. Rb3 Kxf4 56. a6 Ke4 57. a7 Ra1 58. Rb4+ Ke3 59. Ra4
Rb1+ 60. Kc4 1-0

[Event "VL 2017/18"]
[Site "Mecklenburg-Vorpommern"]
[Date "2017.10.08"]
[Round "1.7"]
[White "Vladov, Mark"]
[Black "Lueth, Jochen"]
[Result "1/2-1/2"]
[WhiteElo "1615"]
[BlackElo "1599"]
[PlyCount "135"]
[EventDate "2017.??.??"]
[EventType "team-tourn"]
[EventRounds "9"]
[SourceDate "2017.10.08"]
[WhiteTeam "SFO Warnemuende"]
[BlackTeam "HSG Uni Rostock"]

1. Nf3 Nc6 2. c4 e6 3. Nc3 a6 4. g3 Bb4 5. Bg2 Bxc3 6. bxc3 h6 7. O-O Qf6 8.
Ba3 Nge7 9. d4 d6 10. e4 e5 11. d5 Nd8 12. c5 O-O 13. c4 dxc5 14. Bxc5 b6 15.
Ba3 Nb7 16. Bb2 Ng6 17. Nd2 Qe7 18. a4 Qd7 19. h4 f6 20. Ba3 Re8 21. h5 Nh8 22.
Nf3 Qg4 23. Nh2 Qxd1 24. Raxd1 Bd7 25. Rb1 Bxa4 26. Rfc1 Nf7 27. Bh3 Kh8 28.
Rb4 Nc5 29. Rxa4 Nxa4 30. Bd7 Nc5 31. Bxc5 bxc5 32. Bxe8 Rxe8 33. Nf3 Nd6 34.
Nd2 Rb8 35. Kf1 Rb6 36. Ke2 Nb7 37. Kd3 a5 38. Kc3 Rb4 39. Ra1 a4 40. Rb1 Rxb1
41. Nxb1 Nd6 42. f3 Nc8 43. Na3 Nb6 44. Nb5 Kg8 45. Nxc7 a3 46. Ne6 a2 47. Kb2
a1=Q+ 48. Kxa1 Nxc4 49. Nxc5 Kf7 50. Ka2 g5 51. hxg6+ Kxg6 52. f4 exf4 53. gxf4
h5 54. Kb3 Nb6 55. Kc3 h4 56. Kd2 h3 57. Nd3 h2 58. Nf2 f5 59. Ke3 Nc4+ 60. Kd3
fxe4+ 61. Kxe4 Nd6+ 62. Ke5 Nf5 63. d6 Nxd6 64. Kxd6 Kf5 65. Kd5 Kxf4 66. Kd4
Kf3 67. Nh1 Kg2 68. Ke3 1/2-1/2

[Event "VL 2017/18"]
[Site "Mecklenburg-Vorpommern"]
[Date "2017.10.08"]
[Round "1.8"]
[White "Bengtsson, Thomas"]
[Black "Staben, Thomas"]
[Result "0-1"]
[WhiteElo "1532"]
[BlackElo "1590"]
[PlyCount "98"]
[EventDate "2017.??.??"]
[EventType "team-tourn"]
[EventRounds "9"]
[SourceDate "2017.10.08"]
[WhiteTeam "HSG Uni Rostock"]
[BlackTeam "SFO Warnemuende"]

1. e4 e6 2. d4 d5 3. exd5 exd5 4. Nf3 Bg4 5. Be2 Bd6 6. Be3 Ne7 7. Nc3 c6 8. h3
Bh5 9. g4 Bg6 10. Bd3 Qc7 11. Qd2 Nd7 12. Nh4 Bxd3 13. Qxd3 g6 14. Ng2 O-O-O
15. O-O-O f5 16. Qd2 Nf8 17. Bf4 Ne6 18. Ne2 Rdf8 19. Bxd6 Qxd6 20. g5 f4 21.
f3 Nxg5 22. Nexf4 Nxf3 23. Qe3 Nh4 24. Qe6+ Qd7 25. c3 Nxg2 26. Qxd7+ Kxd7 27.
Nxg2 Rf2 28. Ne3 h5 29. Rdf1 Rhf8 30. a4 Rxf1+ 31. Rxf1 Rxf1+ 32. Nxf1 Nf5 33.
Kd2 Ke6 34. Ke2 g5 35. Kf3 Kf6 36. Ng3 Nxg3 37. Kxg3 Kf5 38. Kf3 b6 39. b3 a6
40. c4 b5 41. axb5 axb5 42. cxd5 cxd5 43. b4 g4+ 44. hxg4+ hxg4+ 45. Kg3 Kg5
46. Kg2 Kf4 47. Kf2 Ke4 48. Kg3 Kxd4 49. Kxg4 Kc4 0-1

[Event "VL 2017/18"]
[Site "Mecklenburg-Vorpommern"]
[Date "2017.10.08"]
[Round "1.1"]
[White "Mangold, Thomas"]
[Black "Schreiber, Kevin"]
[Result "1/2-1/2"]
[WhiteElo "2002"]
[BlackElo "2086"]
[PlyCount "55"]
[EventDate "2017.??.??"]
[EventType "team-tourn"]
[EventRounds "9"]
[SourceDate "2017.10.08"]
[WhiteTeam "SSC Rostock 07"]
[BlackTeam "SF Schwerin II"]

1. d4 Nf6 2. c4 d6 3. Nc3 Nbd7 4. e4 e5 5. d5 Be7 6. Bd3 O-O 7. f3 c6 8. Be3
Nh5 9. Nge2 Bg5 10. Bf2 Nf4 11. Nxf4 exf4 12. O-O c5 13. Rb1 Ne5 14. Re1 Bh4
15. Bf1 Bxf2+ 16. Kxf2 Qh4+ 17. Kg1 f5 18. Qd2 Rf6 19. Qf2 Qh5 20. b4 b6 21.
bxc5 bxc5 22. exf5 Bxf5 23. Ne4 Rh6 24. h3 Rf8 25. Rb3 Rg6 26. Kh1 Bxe4 27.
Rxe4 Rgf6 28. Rb7 1/2-1/2

[Event "VL 2017/18"]
[Site "Mecklenburg-Vorpommern"]
[Date "2017.10.08"]
[Round "1.2"]
[White "Hornych, Christoph"]
[Black "Pererva, Viktor"]
[Result "1/2-1/2"]
[WhiteElo "2056"]
[BlackElo "2022"]
[PlyCount "49"]
[EventDate "2017.??.??"]
[EventType "team-tourn"]
[EventRounds "9"]
[SourceDate "2017.10.08"]
[WhiteTeam "SF Schwerin II"]
[BlackTeam "SSC Rostock 07"]

1. e4 e5 2. Bc4 Nf6 3. d3 Nc6 4. Nc3 Na5 5. Nge2 c6 6. a4 Nxc4 7. dxc4 d6 8.
Ng3 Be7 9. O-O O-O 10. Qd3 Be6 11. Rd1 Qc7 12. b3 Rfd8 13. Ba3 a6 14. Qe3 Qa5
15. Rd3 Ne8 16. Rad1 Bf8 17. h3 Rab8 18. Bb2 Qc7 19. Nce2 b5 20. axb5 axb5 21.
cxb5 Rxb5 22. c4 Bxc4 23. bxc4 Rxb2 24. Kh2 Rbb8 25. Nf5 1/2-1/2

[Event "VL 2017/18"]
[Site "Mecklenburg-Vorpommern"]
[Date "2017.10.08"]
[Round "1.3"]
[White "Tin, Sergey"]
[Black "Westphal, Wolfgang"]
[Result "1/2-1/2"]
[WhiteElo "2034"]
[BlackElo "2131"]
[PlyCount "153"]
[EventDate "2017.??.??"]
[EventType "team-tourn"]
[EventRounds "9"]
[SourceDate "2017.10.08"]
[WhiteTeam "SSC Rostock 07"]
[BlackTeam "SF Schwerin II"]

1. e4 c5 2. Nf3 Nc6 3. d4 cxd4 4. Nxd4 e5 5. Nb5 a6 6. Nd6+ Bxd6 7. Qxd6 Qf6 8.
Qd1 Qg6 9. Nc3 d5 10. Nxd5 Qxe4+ 11. Ne3 Nf6 12. Bd3 Qh4 13. O-O O-O 14. c3 e4
15. Be2 Be6 16. b3 Rfd8 17. Qe1 Ne5 18. Bb2 Nd3 19. Bxd3 Rxd3 20. Rd1 Rad8 21.
c4 Ng4 22. h3 Nxe3 23. fxe3 Qg5 24. Rxd3 Rxd3 25. Bd4 Bxh3 26. Qf2 Be6 27. Qf4
Qxf4 28. Rxf4 f5 29. Rf2 g5 30. g3 Kf7 31. Kf1 Rd1+ 32. Ke2 Rg1 33. Be5 h5 34.
Rf1 Rxf1 35. Kxf1 h4 36. gxh4 gxh4 37. Kg2 Kg6 38. Bf4 Kh5 39. Kf2 Kg4 40. Be5
Bf7 41. a4 Kg5 42. Kg2 Bh5 43. a5 Be2 44. Bf4+ Kg4 45. Be5 h3+ 46. Kf2 Bd3 47.
Bf4 Kh4 48. Bd6 Kg5 49. Kg3 Bf1 50. Kf2 Bg2 51. b4 Kf6 52. b5 Ke6 53. Bf4 Bf3
54. bxa6 bxa6 55. Kg3 Bg4 56. Bc7 Kd7 57. Bb6 Kc6 58. Ba7 Kd6 59. Bb6 Kd7 60.
Bd4 Kc6 61. Ba7 Kd6 62. Bb6 Ke6 63. Bc7 Kf6 64. Bd6 Kf7 65. Bf4 Ke6 66. Bc7 Kd7
67. Bb6 Kc6 68. Bd4 f4+ 69. exf4 Be6 70. Kh2 Bxc4 71. Kxh3 Kb5 72. Bb6 e3 73.
Bxe3 Kxa5 74. Bd2+ Ka4 75. f5 Kb3 76. f6 Kc2 77. Be1 1/2-1/2

[Event "VL 2017/18"]
[Site "Mecklenburg-Vorpommern"]
[Date "2017.10.08"]
[Round "1.4"]
[White "Roehl, Rainer"]
[Black "Heinicke, Wenke"]
[Result "1-0"]
[WhiteElo "2056"]
[BlackElo "1889"]
[PlyCount "71"]
[EventDate "2017.??.??"]
[EventType "team-tourn"]
[EventRounds "9"]
[SourceDate "2017.10.08"]
[WhiteTeam "SF Schwerin II"]
[BlackTeam "SSC Rostock 07"]

1. d4 Nf6 2. Nf3 g6 3. Bf4 Bg7 4. e3 d6 5. Be2 O-O 6. O-O Nbd7 7. Nbd2 Re8 8.
Nc4 b5 9. Na5 c5 10. Qe1 Qb6 11. c4 b4 12. Nb3 a5 13. Rd1 a4 14. Nc1 e5 15. Bg3
exd4 16. exd4 Ba6 17. dxc5 dxc5 18. Qd2 Bb7 19. Rfe1 Bc6 20. Nd3 Ne4 21. Qf4
Nxg3 22. hxg3 Re4 23. Qc1 a3 24. b3 Rae8 25. Bf1 Bc3 26. Rxe4 Bxe4 27. Nxb4
cxb4 28. Rxd7 Qc6 29. Qd1 Bxf3 30. gxf3 Re1 31. Qd5 Qf6 32. c5 Qe6 33. Qxe6
Rxe6 34. Bc4 Rf6 35. Bd5 Rf5 36. c6 1-0

[Event "VL 2017/18"]
[Site "Mecklenburg-Vorpommern"]
[Date "2017.10.08"]
[Round "1.5"]
[White "Jeske, Holger"]
[Black "Hasselmann, Dieter"]
[Result "0-1"]
[WhiteElo "1832"]
[BlackElo "2045"]
[PlyCount "126"]
[EventDate "2017.??.??"]
[EventType "team-tourn"]
[EventRounds "9"]
[SourceDate "2017.10.08"]
[WhiteTeam "SSC Rostock 07"]
[BlackTeam "SF Schwerin II"]

1. d4 d5 2. c4 e6 3. Nc3 Nf6 4. Bg5 Be7 5. Bxf6 Bxf6 6. e3 O-O 7. f4 b6 8. Be2
Bb7 9. Bf3 c5 10. Nge2 cxd4 11. exd4 Na6 12. cxd5 Nb4 13. O-O Nxd5 14. Qd2 Rc8
15. Ne4 Qe7 16. Rfc1 Rfd8 17. Rxc8 Rxc8 18. a3 h6 19. Rc1 Rxc1+ 20. Nxc1 Qd7
21. Nxf6+ Nxf6 22. Bxb7 Qxb7 23. Qe3 Qc7 24. Nd3 Qc2 25. h3 Nd5 26. Qf3 Qd2 27.
Kh2 g6 28. Qe4 h5 29. Kg3 Ne3 30. Kh2 Nxg2 31. Qxg2 Qxd3 32. Qf2 Kg7 33. Kg2 f6
34. h4 Qc4 35. Kh2 b5 36. d5 exd5 37. Qxa7+ Kh6 38. Qb8 Qc2+ 39. Kg3 Qb3+ 40.
Kf2 Qxb2+ 41. Ke1 f5 42. Kd1 Qd4+ 43. Kc2 Qc5+ 44. Kd2 Kg7 45. Qe5+ Kf7 46. Qh8
Qf2+ 47. Kd1 Qxf4 48. Qh7+ Kf6 49. Qh8+ Ke7 50. Qg7+ Kd8 51. Qg8+ Kc7 52. Qf7+
Kd6 53. Qf6+ Kc5 54. Qe7+ Qd6 55. Qa7+ Kc4 56. Qe3 d4 57. Qc1+ Kd5 58. Qb2 Qc5
59. Qg2+ Ke5 60. Qxg6 d3 61. Qg3+ Kd4 62. Qf4+ Kd5 63. Qxf5+ Kc4 0-1

[Event "VL 2017/18"]
[Site "Mecklenburg-Vorpommern"]
[Date "2017.10.08"]
[Round "1.6"]
[White "Wandel, Bernd"]
[Black "Hodl, Ingolf"]
[Result "1-0"]
[WhiteElo "2009"]
[BlackElo "1849"]
[PlyCount "87"]
[EventDate "2017.??.??"]
[EventType "team-tourn"]
[EventRounds "9"]
[SourceDate "2017.10.08"]
[WhiteTeam "SF Schwerin II"]
[BlackTeam "SSC Rostock 07"]

1. d4 Nf6 2. c4 g6 3. Nc3 Bg7 4. e4 O-O 5. Be3 d6 6. f3 Nbd7 7. Qd2 e5 8. d5 a6
9. Nge2 Ne8 10. g4 f5 11. gxf5 gxf5 12. O-O-O f4 13. Bf2 b5 14. Kb1 bxc4 15.
Nc1 Nb6 16. Bxb6 cxb6 17. Bxc4 b5 18. Bb3 Bd7 19. Rhg1 a5 20. a4 bxa4 21. Bxa4
Bxa4 22. Nxa4 Rb8 23. Nd3 Rf7 24. Rc1 Rfb7 25. Rc6 Qd7 26. Rgc1 Rb3 27. R1c3
Qb7 28. Rxb3 Qxb3 29. Qc2 Qb7 30. Rb6 Qa7 31. Qc6 Kf8 32. Rxb8 Qxb8 33. Nb6 Qd8
34. Nc4 Bf6 35. Qa6 Qd7 36. Qc6 Qxc6 37. dxc6 Bd8 38. Ka2 Ke7 39. Ka3 Ke6 40.
Ka4 Bf6 41. Kxa5 d5 42. Nc5+ Ke7 43. exd5 Nd6 44. Nxd6 1-0

[Event "VL 2017/18"]
[Site "Mecklenburg-Vorpommern"]
[Date "2017.10.08"]
[Round "1.7"]
[White "Klippel, Jan"]
[Black "Paucher, Sloima"]
[Result "1/2-1/2"]
[WhiteElo "1983"]
[BlackElo "2146"]
[PlyCount "111"]
[EventDate "2017.??.??"]
[EventType "team-tourn"]
[EventRounds "9"]
[SourceDate "2017.10.08"]
[WhiteTeam "SSC Rostock 07"]
[BlackTeam "SF Schwerin II"]

1. Nf3 Nf6 2. d4 d5 3. g3 e6 4. Bg2 Be7 5. O-O O-O 6. c4 b6 7. cxd5 exd5 8. Nc3
Bb7 9. Bf4 Nbd7 10. Nb5 Ne8 11. Rc1 c6 12. Nc3 Nef6 13. Re1 Re8 14. Rc2 Nf8 15.
Ne5 Ne6 16. Bc1 Bf8 17. e3 Rc8 18. b3 Ng5 19. Bb2 Bd6 20. Nf3 Nge4 21. Nxe4
Nxe4 22. Nd2 Bb4 23. Bc1 Ba6 24. Bf1 Bxf1 25. Rxf1 Bxd2 26. Bxd2 Re6 27. f3 Nd6
28. Bc1 Qe8 29. Qd3 f5 30. Re1 Qh5 31. Rf1 Nf7 32. Qe2 Ng5 33. h4 Nf7 34. Kg2
Nd6 35. Qf2 Rg6 36. Rh1 Re6 37. a4 Ne8 38. Qd2 Nf6 39. Qd3 Rce8 40. Rf1 Qg6 41.
Kf2 Qf7 42. Kg2 g6 43. Bd2 Qc7 44. Kf2 Nh5 45. Rg1 Qe7 46. Bc1 Rf8 47. Rh1 Qd6
48. Rg1 Nf6 49. Kg2 Rfe8 50. Kf2 Nh5 51. Ra2 Qb4 52. Rh1 Qd6 53. Rg1 Nf6 54.
Rc2 Rf8 55. Kg2 Nh5 56. Kf2 1/2-1/2

[Event "VL 2017/18"]
[Site "Mecklenburg-Vorpommern"]
[Date "2017.10.08"]
[Round "1.8"]
[White "Dittrich, Carsten"]
[Black "Schulze, Christoph"]
[Result "1-0"]
[WhiteElo "1819"]
[BlackElo "1613"]
[PlyCount "57"]
[EventDate "2017.??.??"]
[EventType "team-tourn"]
[EventRounds "9"]
[SourceDate "2017.10.08"]
[WhiteTeam "SF Schwerin II"]
[BlackTeam "SSC Rostock 07"]

1. d4 d6 2. Nf3 Bg4 3. e3 Nf6 4. Be2 Nbd7 5. b3 c6 6. O-O e5 7. dxe5 dxe5 8.
Bb2 Qc7 9. c4 Bd6 10. h3 Bh5 11. Nc3 e4 12. Nd4 Bxe2 13. Qxe2 O-O 14. Rfd1 a5
15. Kh1 Rfd8 16. Ndb5 cxb5 17. Nxb5 Qb8 18. Rxd6 Nc5 19. Rxf6 gxf6 20. Qg4+ Kf8
21. Bxf6 Rd2 22. Qg7+ Ke8 23. Be5 Qc8 24. Nc7+ Ke7 25. Nxa8 Qf5 26. Bg3 Nd3 27.
Bh4+ Ke6 28. Qg4 Rxf2 29. Qxf5+ 1-0

[Event "VL 2017/18"]
[Site "Mecklenburg-Vorpommern"]
[Date "2017.11.12"]
[Round "2.1"]
[White "Mangold, Thomas"]
[Black "Dettmann, Gerd"]
[Result "1/2-1/2"]
[WhiteElo "2002"]
[BlackElo "2107"]
[PlyCount "39"]
[EventDate "2017.??.??"]
[EventType "team-tourn"]
[EventRounds "9"]
[SourceDate "2017.10.08"]
[WhiteTeam "SSC Rostock 07"]
[BlackTeam "SG Guestrow/Teterow"]

1. c4 e5 2. g3 Nf6 3. Bg2 d5 4. cxd5 Nxd5 5. Nf3 Nc6 6. O-O Be7 7. d4 e4 8. Ne5
f5 9. Nxc6 bxc6 10. Nc3 O-O 11. f3 exf3 12. Bxf3 Be6 13. Qa4 Qd7 14. Nxd5 Bxd5
15. Bd2 Rab8 16. b3 Rbd8 17. Rac1 Bxf3 18. Rxf3 Qxd4+ 19. Qxd4 Rxd4 20. Bf4
1/2-1/2

[Event "VL 2017/18"]
[Site "Mecklenburg-Vorpommern"]
[Date "2017.11.12"]
[Round "2.2"]
[White "Fidorra, Thomas"]
[Black "Pererva, Viktor"]
[Result "0-1"]
[WhiteElo "2014"]
[BlackElo "2022"]
[PlyCount "68"]
[EventDate "2017.??.??"]
[EventType "team-tourn"]
[EventRounds "9"]
[SourceDate "2017.10.08"]
[WhiteTeam "SG Guestrow/Teterow"]
[BlackTeam "SSC Rostock 07"]

1. e4 e5 2. Nf3 Nc6 3. d4 exd4 4. Nxd4 Nf6 5. Nxc6 bxc6 6. e5 Qe7 7. Qe2 Nd5 8.
c4 Ba6 9. b3 g6 10. f4 d6 11. Qf2 Nf6 12. Be2 dxe5 13. O-O e4 14. Ba3 Qe6 15.
Bxf8 Kxf8 16. Nc3 Kg7 17. f5 Qe5 18. Qe3 Bc8 19. fxg6 hxg6 20. g3 Bf5 21. Rf4
c5 22. Raf1 Qd4 23. Qxd4 cxd4 24. g4 dxc3 25. gxf5 g5 26. R4f2 Rad8 27. Rg2 Rd2
28. Rc1 Rh3 29. Bf1 Rf3 30. Rxg5+ Kh6 31. Rg2 e3 32. Rxc3 Rd1 33. Re2 Rdxf1+
34. Kg2 Nh5 0-1

[Event "VL 2017/18"]
[Site "Mecklenburg-Vorpommern"]
[Date "2017.11.12"]
[Round "2.3"]
[White "Tin, Sergey"]
[Black "Luther, Alexander"]
[Result "1/2-1/2"]
[WhiteElo "2034"]
[BlackElo "1973"]
[PlyCount "121"]
[EventDate "2017.??.??"]
[EventType "team-tourn"]
[EventRounds "9"]
[SourceDate "2017.10.08"]
[WhiteTeam "SSC Rostock 07"]
[BlackTeam "SG Guestrow/Teterow"]

1. e4 c5 2. Nf3 d6 3. d4 cxd4 4. Nxd4 Nf6 5. Nc3 a6 6. Be2 e6 7. O-O Nbd7 8.
Be3 Qc7 9. Qd2 b5 10. f3 Be7 11. a4 b4 12. Na2 d5 13. Nxb4 dxe4 14. f4 Bb7 15.
c4 Nc5 16. Nbc2 Rd8 17. Qc3 O-O 18. b4 Nd3 19. Bxd3 Nd5 20. Qd2 exd3 21. cxd5
dxc2 22. dxe6 fxe6 23. Qxc2 Qxc2 24. Nxc2 Rc8 25. Rac1 Bd5 26. g3 Rc4 27. Bc5
Rxc5 28. bxc5 Bxc5+ 29. Rf2 Bxf2+ 30. Kxf2 Rc8 31. Ke3 Bb3 32. Kd2 Bxa4 33. Nb4
Rxc1 34. Kxc1 Bb5 35. Kd2 Kf7 36. Ke3 Ke7 37. Kd4 Kd6 38. Nc2 h6 39. Ne3 a5 40.
Nc2 Bc6 41. Na3 Bd5 42. Nb5+ Kc6 43. Nc3 Bb3 44. Ne4 Kb5 45. Kc3 Bd5 46. Nd6+
Kc5 47. Ne8 g6 48. Nf6 a4 49. g4 a3 50. h4 a2 51. Kb2 Kd4 52. h5 gxh5 53. gxh5
Bf3 54. Ng8 Ke4 55. Nxh6 Kxf4 56. Nf7 Bxh5 57. Nd6 Ke5 58. Nb5 Ke4 59. Kxa2 Kd3
60. Kb2 e5 61. Nd6 1/2-1/2

[Event "VL 2017/18"]
[Site "Mecklenburg-Vorpommern"]
[Date "2017.11.12"]
[Round "2.4"]
[White "Klatt, Jan"]
[Black "Heinicke, Wenke"]
[Result "1-0"]
[WhiteElo "2069"]
[BlackElo "1889"]
[PlyCount "51"]
[EventDate "2017.??.??"]
[EventType "team-tourn"]
[EventRounds "9"]
[SourceDate "2017.10.08"]
[WhiteTeam "SG Guestrow/Teterow"]
[BlackTeam "SSC Rostock 07"]

1. g3 g6 2. Bg2 Bg7 3. d3 c5 4. e4 Nc6 5. Ne2 d6 6. Nd2 e6 7. f4 Nge7 8. Nf3
O-O 9. O-O f5 10. Rb1 Kh8 11. a3 Rb8 12. Be3 b6 13. Qe1 Bb7 14. g4 Qd7 15. Qh4
Kg8 16. Ng5 h6 17. Nf3 Nd8 18. Ng3 Nf7 19. Bd2 Rbd8 20. Rbe1 fxg4 21. Qxg4 e5
22. f5 gxf5 23. exf5 Kh8 24. Bh3 Rg8 25. Qh5 Nd5 26. Ng5 1-0

[Event "VL 2017/18"]
[Site "Mecklenburg-Vorpommern"]
[Date "2017.11.12"]
[Round "2.5"]
[White "Jeske, Holger"]
[Black "Dettmann, Holger"]
[Result "0-1"]
[WhiteElo "1832"]
[BlackElo "1915"]
[PlyCount "58"]
[EventDate "2017.??.??"]
[EventType "team-tourn"]
[EventRounds "9"]
[SourceDate "2017.10.08"]
[WhiteTeam "SSC Rostock 07"]
[BlackTeam "SG Guestrow/Teterow"]

1. d4 g6 2. e4 Bg7 3. c3 d5 4. e5 h5 5. Bd3 Nh6 6. Bg5 c5 7. Ne2 Nc6 8. a3 Nf5
9. O-O Qb6 10. Qd2 c4 11. Bxf5 Bxf5 12. Nf4 O-O-O 13. Ne2 h4 14. Nc1 f6 15.
exf6 exf6 16. Be3 g5 17. b4 cxb3 18. Qb2 Na5 19. Nd2 Bc2 20. Rb1 Bxb1 21. Qxb1
Rhe8 22. Ncxb3 Nc4 23. Nxc4 dxc4 24. Qf5+ Qe6 25. Qc5+ Kb8 26. d5 Qa6 27. Nd2
Bf8 28. Qd4 Re5 29. Nxc4 Rdxd5 0-1

[Event "VL 2017/18"]
[Site "Mecklenburg-Vorpommern"]
[Date "2017.11.12"]
[Round "2.6"]
[White "Kiel, Bernd"]
[Black "Hodl, Ingolf"]
[Result "0-1"]
[WhiteElo "1892"]
[BlackElo "1849"]
[PlyCount "62"]
[EventDate "2017.??.??"]
[EventType "team-tourn"]
[EventRounds "9"]
[SourceDate "2017.10.08"]
[WhiteTeam "SG Guestrow/Teterow"]
[BlackTeam "SSC Rostock 07"]

1. e4 Nf6 2. e5 Nd5 3. c4 Nb6 4. c5 Nd5 5. Bc4 e6 6. Nc3 Nxc3 7. dxc3 Nc6 8.
Qh5 g6 9. Qe2 Bxc5 10. Nf3 O-O 11. Bg5 Be7 12. h4 d6 13. O-O-O Bxg5+ 14. hxg5
Nxe5 15. Nxe5 Qxg5+ 16. Kb1 Qxe5 17. Qd2 f5 18. Rh6 d5 19. Bd3 Qf6 20. Rdh1 Rf7
21. f4 Bd7 22. Qe3 Rg7 23. Qh3 Qe7 24. Re1 Rf8 25. c4 Qb4 26. Rc1 d4 27. Rh1
Rff7 28. g4 Qd2 29. gxf5 gxf5 30. Qf1 Rg2 31. Qc1 Qxd3+ 0-1

[Event "VL 2017/18"]
[Site "Mecklenburg-Vorpommern"]
[Date "2017.11.12"]
[Round "2.7"]
[White "Hochgraefe, Hans Juergen"]
[Black "Hornecker, Siegfried"]
[Result "1-0"]
[WhiteElo "1759"]
[BlackElo "1872"]
[PlyCount "177"]
[EventDate "2017.??.??"]
[EventType "team-tourn"]
[EventRounds "9"]
[SourceDate "2017.10.08"]
[WhiteTeam "SSC Rostock 07"]
[BlackTeam "SG Guestrow/Teterow"]

1. d4 Nf6 2. Nf3 d5 3. c3 Nbd7 4. Bf4 Nh5 5. Bg3 Nxg3 6. hxg3 b6 7. e3 Bb7 8.
Nbd2 e6 9. Bd3 c5 10. Ne5 Nxe5 11. dxe5 Qc7 12. f4 h6 13. Nf3 O-O-O 14. a4 a6
15. Qe2 c4 16. Bc2 b5 17. axb5 axb5 18. Nd4 b4 19. O-O b3 20. Bd1 Bc5 21. Qd2
g6 22. Bf3 Kd7 23. Rfd1 Ra8 24. Qe1 Rxa1 25. Rxa1 Ra8 26. Rxa8 Bxa8 27. Qa1 Qa7
28. Qxa7+ Bxa7 29. Kf2 Bc5 30. Bd1 Ke7 31. g4 f6 32. exf6+ Kxf6 33. Nf3 Bc6 34.
Nd2 e5 35. fxe5+ Kxe5 36. Bf3 Be8 37. Ke2 Bf7 38. Nb1 h5 39. gxh5 gxh5 40. g3
Kf5 41. Nd2 Kg5 42. Kf2 h4 43. gxh4+ Kxh4 44. Bg2 Kg4 45. Bf3+ Kf5 46. Ke2 Ke5
47. Bg2 Kd6 48. Bf3 Kc7 49. Bg4 Bg6 50. Be6 Bd3+ 51. Kf3 Kd6 52. Bg4 Ke5 53.
Kf2 Be7 54. Nf3+ Kd6 55. Ke1 Bf6 56. Nd4 Bh4+ 57. Kd2 Bf2 58. Nxb3 Bf1 59. Nd4
Bd3 60. Bf3 Be4 61. Bxe4 dxe4 62. Ke2 Bg1 63. b4 cxb3 64. Nxb3 Kd5 65. Nd2 Bh2
66. c4+ Kc5 67. Kf2 Bb8 68. Kg2 Kb4 69. Kf1 Ba7 70. Ke2 Kc3 71. c5 Bb8 72.
Nxe4+ Kc4 73. Kf3 Be5 74. Kg4 Kd5 75. Kf5 Ba1 76. Nd2 Bc3 77. Nb3 Be1 78. e4+
Kc6 79. Ke6 Bh4 80. e5 Bg3 81. Kf6 Kd7 82. e6+ Ke8 83. Na5 Kf8 84. Nb7 Bh4+ 85.
Ke5 Ke7 86. Nd6 Bf2 87. Nf5+ Ke8 88. Kd6 Be1 89. Ng7+ 1-0

[Event "VL 2017/18"]
[Site "Mecklenburg-Vorpommern"]
[Date "2017.11.12"]
[Round "2.1"]
[White "Schreiber, Kevin"]
[Black "Wolke, Heiko"]
[Result "1-0"]
[WhiteElo "2086"]
[BlackElo "1988"]
[PlyCount "41"]
[EventDate "2017.??.??"]
[EventType "team-tourn"]
[EventRounds "9"]
[SourceDate "2017.10.08"]
[WhiteTeam "SF Schwerin II"]
[BlackTeam "SFO Warnemuende"]

1. Nf3 Nf6 2. g3 d5 3. Bg2 Nc6 4. d4 Bg4 5. O-O e6 6. Ne5 Nxe5 7. dxe5 Nd7 8.
c4 c6 9. cxd5 exd5 10. Qa4 Bxe2 11. Re1 Bb5 12. Qg4 Qa5 13. Bd2 Qa4 14. Qf3 Nc5
15. Nc3 Qc4 16. Bf1 Qd4 17. Be3 Qb4 18. Bxb5 Qxb2 19. Nxd5 O-O-O 20. Bxc6 bxc6
21. Ne7+ 1-0

[Event "VL 2017/18"]
[Site "Mecklenburg-Vorpommern"]
[Date "2017.11.12"]
[Round "2.2"]
[White "Ruesch, Hans Joachim"]
[Black "Hornych, Christoph"]
[Result "1/2-1/2"]
[WhiteElo "1998"]
[BlackElo "2056"]
[PlyCount "118"]
[EventDate "2017.??.??"]
[EventType "team-tourn"]
[EventRounds "9"]
[SourceDate "2017.10.08"]
[WhiteTeam "SFO Warnemuende"]
[BlackTeam "SF Schwerin II"]

1. d4 Nf6 2. c4 c5 3. d5 b5 4. cxb5 a6 5. bxa6 Bxa6 6. Nc3 g6 7. g3 d6 8. Nh3
Bg7 9. Nf4 Nbd7 10. h4 h5 11. Bh3 Ne5 12. Qc2 O-O 13. O-O Qb6 14. Ne4 Nxe4 15.
Qxe4 Rfb8 16. Ne6 Qb4 17. Qxb4 Rxb4 18. Nc7 Ra7 19. Nxa6 Rxa6 20. a3 Rb3 21. f4
Nc4 22. f5 Nxb2 23. fxg6 Rxg3+ 24. Kh2 Rxg6 25. Rb1 Be5+ 26. Bf4 Nc4 27. Rb8+
Kg7 28. Bf5 Rxa3 29. Bxg6 fxg6 30. Rb7 Bf6 31. Rc1 Ne5 32. Kg2 Ra2 33. Kf1 Nf7
34. Bg3 g5 35. hxg5 Bxg5 36. Rc4 Rd2 37. Bh4 Rxd5 38. Bxg5 Rxg5 39. Rxe7 Rf5+
40. Kg2 Kf6 41. Re8 Ne5 42. Rf8+ Ke6 43. Rxf5 Kxf5 44. Rh4 Kg5 45. Ra4 Kf5 46.
Rh4 c4 47. Rxh5+ Ke4 48. Kf2 Kd4 49. Ke1 d5 50. Rh4+ Kc5 51. Rh5 Nd7 52. e4 Nf6
53. Rxd5+ Nxd5 54. exd5 Kxd5 55. Kd2 Kd4 56. Kc2 c3 57. Kc1 Kd3 58. Kd1 c2+ 59.
Kc1 Kc3 1/2-1/2